000 01018nam a2200289Ia 4500
001 Para_824
003 CHAP
008 220125s1994 xx 000 0 und d
010 _a198722
040 _cCHAP
090 _aPA TESIS 796
100 _aArteaga Garibay, Linda Elizabeth
_9164018
245 _aEvaluación de soluciones acuosas de jabón para el control de mosquita blanca Triadeurodes vaporariorum (West) (Homoptera :
_b alegrodidae) en invernadero /
_c por Linda Elizabeth Arteaga
260 _aMontecillo, Méx. :
_b El autor
300 _a50 h.
502 _aTesis (M.C. Esp. en Entomología) CP Centro de Entomología y Acarología
650 _aMosca blanca de los invernaderos
_9164019
650 _aTrialeurodes vaporarium
_9164020
710 _aCP Centro de Entomología y Acarología
_9164012
901 _aPA TESIS 796
902 _aA
905 _a0000001994 0000000000 00
910 _a1994
942 _cPARA
942 _cPARA
_d1
999 _c198722
_d198722